Control of development affecting trunk roads and agreements with developers under section 278 of the Highways Act 1980 (Record no. 103591)
[ view plain ]
| 000 -LEADER | |
|---|---|
| fixed length control field | 00491cam a2200133 4500 |
| 008 - FIXED-LENGTH DATA ELEMENTS--GENERAL INFORMATION | |
| fixed length control field | 040521n2001 000 0 eng u |
| 020 ## - INTERNATIONAL STANDARD BOOK NUMBER | |
| International Standard Book Number | 0117536253 |
| 035 ## - SYSTEM CONTROL NUMBER | |
| System control number | (Sirsi) u126254 |
| 110 ## - MAIN ENTRY--CORPORATE NAME | |
| Corporate name or jurisdiction name as entry element | Department for Transport, Local Government and the Regions |
| 9 (RLIN) | 4091 |
| 245 ## - TITLE STATEMENT | |
| Title | Control of development affecting trunk roads and agreements with developers under section 278 of the Highways Act 1980 |
| 260 ## - PUBLICATION, DISTRIBUTION, ETC. | |
| Place of publication, distribution, etc. | Norwich |
| Name of publisher, distributor, etc. | Stationery Office |
| Date of publication, distribution, etc. | 2001 |
| 490 ## - SERIES STATEMENT | |
| Series statement | DTLR Circular |
| Volume/sequential designation | 04/2001 |
| 942 ## - ADDED ENTRY ELEMENTS (KOHA) | |
| Suppress in OPAC | 0 |
No items available.